00369nam a2200145Ia 4500008004100000020001500041041000800056082001500064100002200079245005000101250000600151260004400157300001000201650001200211210716s2006 xx 000 0 und d a8131405664 aeng a332.7 KRIS aKrishna, Sridhar. aRural credit: an introduction.bIntroduction. a1 aHyderabadbICFAI University Pressc2006 ax,192 aFinance